[Event "Bresso op 6th"]
[Site "Bresso"]
[Date "2007.06.17"]
[Round "5"]
[White "Taglione, Giuseppe"]
[Black "D'Aulisa, Francesco"]
[Result "1/2-1/2"]
[WhiteElo "1403"]
[BlackElo "1856"]
[PlyCount "42"]
[EventDate "2007.06.14"]
[EventType "swiss"]
[EventRounds "6"]
[EventCountry "ITA"]
[SourceTitle "EXT 2010"]
[Source "ChessBase"]
[SourceDate "2010.11.25"]
[SourceVersion "1"]
[SourceVersionDate "2010.11.25"]
[SourceQuality "1"]

1. e4 d6 2. d4 e6 3. Nf3 h6 4. Bd3 a6 5. Nc3 Nd7 6. b3 Ne7 7. Bb2 b6 8. Ne2 g5 9. d5 e5 10. h3 Ng6 11. Qd2 Be7 12. c4 Nf6 13. Nh2 Bd7 14. f3 Nf4 15. Nxf4 gxf4 16. Ng4 Nh5 17. 0-0-0 Ng3 18. Rhg1 f5 19. Nf2 Qc8 20. Qc2 Bg5 21. Kb1 Bh4 1/2-1/2

[Event "Bresso op 5th"]
[Site "Bresso"]
[Date "2006.06.17"]
[Round "3"]
[White "Taglione, Giuseppe"]
[Black "Cimo, Alessandro"]
[Result "0-1"]
[WhiteElo "1442"]
[BlackElo "1506"]
[PlyCount "58"]
[EventDate "2006.06.15"]
[EventType "swiss"]
[EventRounds "6"]
[EventCountry "ITA"]
[SourceTitle "CBM 112 Extra"]
[Source "ChessBase"]
[SourceDate "2006.07.14"]
[SourceVersion "1"]
[SourceVersionDate "2006.07.14"]
[SourceQuality "1"]

1. e4 c5 2. c4 d6 3. f4 e6 4. Nf3 Qf6 5. d3 Nc6 6. Nc3 a6 7. Be2 g6 8. 0-0 Bh6 9. g3 Bg7 10. Rb1 Qd8 11. a3 Nge7 12. Bd2 Qb6 13. Na4 Qa7 14. Qc2 b5 15. cxb5 axb5 16. Nc3 Ba6 17. Nd1 0-0 18. Bc3 Bxc3 19. Qxc3 b4 20. axb4 cxb4+ 21. Kg2 bxc3 22. Nxc3 Nb4 23. Rfd1 Nc2 24. Kh1 Ne3 25. Re1 Ng4 26. Rf1 Nf2+ 27. Kg2 Nxd3 28. Ra1 Qb6 29. Na4 Qb4 0-1

[Event "Cocquio Trevisago op 15th"]
[Site "Cocquio Trevisago"]
[Date "2002.10.27"]
[Round "5"]
[White "Taglione, Giuseppe"]
[Black "Centofante, Maria Rosa"]
[Result "1-0"]
[WhiteElo "1500"]
[BlackElo "1543"]
[PlyCount "65"]
[EventDate "2002.10.19"]
[EventType "swiss"]
[EventRounds "6"]
[EventCountry "ITA"]
[SourceTitle "EXT 2024"]
[Source "ChessBase"]
[SourceDate "2023.10.10"]
[SourceVersion "1"]
[SourceVersionDate "2023.10.10"]
[SourceQuality "1"]

1. d4 Nf6 2. Nc3 d5 3. Nf3 c6 4. Bg5 e6 5. e3 h6 6. Bh4 Nbd7 7. Bd3 Bd6 8. 0-0 Qc7 9. Bxf6 Nxf6 10. g3 0-0 11. Re1 Re8 12. e4 dxe4 13. Nxe4 Nxe4 14. Bxe4 e5 15. dxe5 Bxe5 16. Nxe5 Rxe5 17. Bg2 Rxe1+ 18. Qxe1 Be6 19. Rd1 Kf8 20. b3 Re8 21. Qd2 Kg8 22. c4 Qe7 23. Qe3 c5 24. Qe4 b6 25. Qd3 Bg4 26. f3 Bh5 27. Qd2 Qe3+ 28. Qxe3 Rxe3 29. g4 Bg6 30. Kf2 Re7 31. Bf1 Bh7 32. Rd8+ Re8 33. Rxe8# 1-0

[Event "Cocquio Trevisago op 15th"]
[Site "Cocquio Trevisago"]
[Date "2002.10.19"]
[Round "1"]
[White "Taglione, Giuseppe"]
[Black "Cardani, Roberto"]
[Result "0-1"]
[WhiteElo "1500"]
[BlackElo "1722"]
[PlyCount "98"]
[EventDate "2002.10.19"]
[EventType "swiss"]
[EventRounds "6"]
[EventCountry "ITA"]
[SourceTitle "EXT 2024"]
[Source "ChessBase"]
[SourceDate "2023.10.10"]
[SourceVersion "1"]
[SourceVersionDate "2023.10.10"]
[SourceQuality "1"]

1. c4 Nf6 2. Nc3 g6 3. d4 Bg7 4. Nf3 0-0 5. e3 d6 6. h3 Nbd7 7. Be2 e5 8. d5 a5 9. b3 Nc5 10. Ba3 Nfd7 11. e4 f5 12. Bd3 Nf6 13. Bxc5 dxc5 14. 0-0 Ne8 15. Qd2 f4 16. Nh2 g5 17. Be2 Nd6 18. Bh5 Ne8 19. Qe2 Nf6 20. Rad1 Nxh5 21. Qxh5 Bd7 22. Qe2 Rf6 23. Ng4 Rg6 24. Nh2 Bf8 25. Rd3 Bd6 26. Nb5 Qe7 27. Nxd6 cxd6 28. f3 h5 29. Rf2 Kh8 30. Kf1 Rag8 31. Ke1 R8g7 32. Kd1 g4 33. fxg4 hxg4 34. hxg4 Bxg4 35. Nxg4 Rxg4 36. Rd2 Qg5 37. Kc2 Rg3 38. Qe1 Re3 39. Rfe2 Qg6 40. Qh1+ Rh7 41. Qf1 Rxe4 42. Kb2 Rxe2 43. Rxe2 Qg3 44. Rc2 e4 45. Rf2 Rf7 46. Kc2 Kg7 47. Qe2 e3 48. Rf3 Qg6+ 49. Kd1 Qb1# 0-1